000 00662nam a2200289Ia 4500
008 210210b2012 xxu||||| |||| 00| 0 eng d
020 _a9780415253857
041 _aeng
082 _a190 FOUM
100 _aFOUCAULT (Michel)
245 _aMadness and civilization
_bA history of insanity in the age of reason
260 _aLondon
_bNot Mentioned
_c2012
300 _axiv,282
650 _athe
650 _areason
650 _aof
650 _aMadness
650 _ainsanity
650 _ain
650 _ahistory
650 _acivilization
650 _aand
650 _aage
650 _aA
690 _aPhilosophy
906 _a066820
999 _c149277
_d149277